| 000 | 01342cad a22002295a 4500 | ||
|---|---|---|---|
| 001 | L146280 | ||
| 008 | 090105e20081224xxkad f s 000 0 eng u | ||
| 035 | _a(Sirsi) u146280 | ||
| 041 | 0 | _aeng | |
| 050 | 0 | 4 | _a333.33 $2 18 |
| 110 | 1 |
_aRoyal Institution of Chartered Surveyors _bEconomics _95033 |
|
| 245 | 0 | 0 |
_aRICS 2009 housing market forecast _h[electronic resource] |
| 260 |
_aLondon _bRICS _c2008 |
||
| 490 | 0 |
_aRICS UK Housing Market Forecast _v2009 |
|
| 520 | _aForecasts for the residential housing market for 2009 remain very depressed, with further falls in value from 10-15% predicted (although the authors do add that the particular volatility being experienced in the market at present mean that accuracy will be more difficult than usual this year). Suggests that transactions will increase slightly and that new starts in England will drop below 80 000. The forecast also examines some of the key drivers of the housing market for 2009, including the availability of credit, affordability and housing supply. | ||
| 590 | _aKA | ||
| 650 | 2 | 4 | _aRICS UK HOUSING MARKET FORECAST |
| 651 | 4 |
_aUnited Kingdom _y |
|
| 690 | _aPROPERTY-RESIDENTIAL PROPERTY-RESIDENTIAL PROPERTY MARKET | ||
| 856 | 4 | 0 |
_uhttps://www.rics.org/RICSWEB/getpage.aspx?p=m0oBDmAkek21E2a-rW-kCw _zView the item free of charge at www.rics.org... |
| 942 | _n0 | ||
| 999 |
_c109095 _d109095 |
||